Les Pokémon de la 8G - Statistiques

Statistiques générales
  • Ce quiz a été pris 3 681 fois
  • Le résultat moyen est 56 sur 94
Statistiques - réponses
Numéro Nom % Correct
#006 Pyrobut
93%
#007 Larméléon
92%
#001 Ouistempo
92%
#398 Zacian
92%
#399 Zamazenta
91%
#004 Flambino
90%
#023 Corvaillus
84%
#003 Gorythmic
84%
#009 Lézargus
84%
#005 Lapyro
82%
#400 Éthernatos
81%
#021 Minisange
81%
#002 Badabouin
80%
#034 Moumouton
78%
#022 Bleuseille
76%
#035 Moumouflon
74%
#008 Arrozard
72%
#033 Ixon
72%
#397 Lanssorien
70%
#161 Charbi
68%
#240 Angoliath
67%
#243 Sorcilence
67%
#043 Torgamord
67%
#024 Rongourmand
66%
#046 Voltoutou
66%
#162 Wagomine
66%
#160 Scolocendre
65%
#012 Astronelle
64%
#371 Duralugon
63%
#238 Grimalin
63%
#025 Rongrigou
63%
#241 Bibichut
62%
#127 Blancoton
62%
#011 Coléodôme
62%
#163 Monthracite
62%
#030 Roublenard
62%
#242 Chapotus
61%
#395 Fantyrm
61%
#010 Larvadar
61%
#350 Beldeneige
60%
#239 Fourbelin
59%
#047 Fulgudog
59%
#029 Goupilou
58%
#042 Khélocrok
58%
#126 Tournicoton
58%
#396 Dispareptil
57%
#219 Palarticho
57%
#311 Salarsen
57%
#310 Toxizap
57%
#183 Berserkatt
56%
#159 Grillepattes
56%
#366 M.Glaquette
56%
#031 Zigzaton
56%
#032 Linéon
55%
#344 Morpeko
55%
#327 Tutétékri
55%
#186 Charmilly
54%
#349 Frisonille
54%
#376 Hydragon
54%
#185 Crèmy
53%
#369 Dolman
53%
#370 Bekaglaçon
52%
#352 Krakos
52%
#351 Poulpaf
52%
#180 Embrochet
51%
#345 Hexadron
51%
#377 Hydragla
51%
#333 Ponyta
51%
#334 Galopa
50%
#375 Galvagla
50%
#181 Hastacuda
50%
#182 Miaouss
50%
#205 Verpom
50%
#207 Dratatin
49%
#313 Dunaconda
48%
#374 Galvagon
48%
#206 Pomdrapi
48%
#237 Corayôme
47%
#312 Dunaja
46%
#309 Nigosier
46%
#335 Théffroi
46%
#303 Pachyradjah
45%
#327 Tutafeh
44%
#218 Canarticho
43%
#365 M.Mime
42%
#302 Charibari
41%
#336 Polthégheist
41%
#251 Smogogo
40%
#236 Corayon
39%
#368 Darumacho
38%
#353 Wattapik
38%
#367 Darumarond
37%
#337 Wimessir
37%
#226 Limonde
35%
Aucun quiz correspondant
Distribution des résultats
% des personnes avec chaque résultat
Percentile par nombre de réponses
Votre historique - résultats
Vous n’avez pas pris ce quiz